Hry dobrej vôle vo výsledkoch

Podrobná bibliografia
Médium: Článok
Jazyk:slovenčina
Predmet:

MARC

LEADER 00000nab a2200000 a 4500
001 vtls000522336
003 SK-MaSNL
005 20260303004037.0
008 120928c1994 xo 0 slo
015 |a SNBRB19rr/mm-uuuuu 
035 |a CL0522474 
040 |a SNKBUCL  |b slo  |c SNKBUCL  |e AACR2 
041 0 |a slo 
044 |a xo  |c SK 
080 |a 796.032.2(100)  |2 1981 
245 0 0 |a Hry dobrej vôle vo výsledkoch 
650 0 7 |a Hry dobrej vôle 1994, Sankt Peterburg  |2 snkbucl  |9 982577 
655 7 |a články z novín a časopisov  |2 snkbucl  |9 267496 
773 0 |t Šport  |g Roč. 48, č. 172 (26. 7. 1994), s. 7 
850 |a Slovenská národná knižnica v Martine  |a MTA001 
852 |a SNK  |b KIS3GCP 
958 |a RK 
992 |a RBX 
999 |c 1575772  |d 1577702